Southville International School and Colleges
Your cart is empty.
  • Cart
  • Lists
    Public lists Eva Luna New books Lux_list list_1
    Your lists Log in to create your own lists
  • Log in to your account
  • Your cookies
  • Search history
Southville International School and Colleges
  • Advanced search
  • Recent comments
  • Most popular
  • Libraries

Log in to your account

Log in with GOOGLE


If you do not have an external account, but do have a local account, you can still log in:

  1. Home
  2. MARC view: The Twelfth Angel
Normal view MARC view ISBD view

The Twelfth Angel (Record no. 15298)

[ view plain ]
MARC details
000 -LEADER
fixed length control field 01052cam a2200337 a 4500
001 - CONTROL NUMBER
control field 1090460
003 - CONTROL NUMBER IDENTIFIER
control field OSt
005 - DATE AND TIME OF LATEST TRANSACTION
control field 20140310182718.0
008 - FIXED-LENGTH DATA ELEMENTS--GENERAL INFORMATION
fixed length control field 921014s1993 nyu 000 1 eng
010 ## - LIBRARY OF CONGRESS CONTROL NUMBER
LC control number 92054995
020 ## - INTERNATIONAL STANDARD BOOK NUMBER
International Standard Book Number 0449911500
Terms of availability $17.00 ($22.50 Can.)
040 ## - CATALOGING SOURCE
Original cataloging agency DLC
Transcribing agency DLC
Modifying agency OCoLC
-- DLC
-- OCoLC
043 ## - GEOGRAPHIC AREA CODE
Geographic area code n-us-nh
050 00 - LIBRARY OF CONGRESS CALL NUMBER
Classification number PS 3563
Item number .M272 1993
082 00 - DEWEY DECIMAL CLASSIFICATION NUMBER
Classification number M 813.54
Item number M31 1993
100 1# - MAIN ENTRY--PERSONAL NAME
Personal name Mandino, Og.
245 14 - TITLE STATEMENT
Title The Twelfth Angel
Statement of responsibility, etc Mandino, Og
250 ## - EDITION STATEMENT
Edition statement 1st ed.
260 ## - PUBLICATION, DISTRIBUTION, ETC. (IMPRINT)
Place of publication, distribution, etc New York
Name of publisher, distributor, etc Fawcett Columbine
Date of publication, distribution, etc c1993
300 ## - PHYSICAL DESCRIPTION
Extent 164 p.
Dimensions 22 cm.
521 ## - TARGET AUDIENCE NOTE
Target audience note
526 ## - STUDY PROGRAM INFORMATION NOTE
Reading level 0L to 1700L
541 ## - IMMEDIATE SOURCE OF ACQUISITION NOTE
-- 1
562 ## - COPY AND VERSION IDENTIFICATION NOTE
Number of copies 1
650 #0 - SUBJECT ADDED ENTRY--TOPICAL TERM
Topical term or geographic name as entry element Little league baseball
General subdivision Fiction.
651 #0 - SUBJECT ADDED ENTRY--GEOGRAPHIC NAME
Geographic name New Hampshire
General subdivision Fiction.
655 #7 - INDEX TERM--GENRE/FORM
Genre/form data or focus term Domestic fiction.
Source of term lcsh
906 ## - LOCAL DATA ELEMENT F, LDF (RLIN)
a 7
b cbc
c orignew
d 1
e ocip
f 19
g y-gencatlg
942 ## - ADDED ENTRY ELEMENTS (KOHA)
Source of classification or shelving scheme Library of Congress Classification
Koha item type Books
Call number prefix
Holdings
Withdrawn status Lost status Source of classification or shelving scheme Damaged status Home library Current library Shelving location Date acquired Total Checkouts Full call number Barcode Date last seen Copy number Price effective from Koha item type
    Library of Congress Classification   College Library College Library General Circulation Section 04/20/2012   PS 3563 .M272 1993 c4925 05/15/2018 1 04/20/2012 Books

The Twelfth Angel

APA

Mandino O., . (1993). The Twelfth Angel. New York: Fawcett Columbine.

Chicago

Mandino Og, . 1993. The Twelfth Angel. New York: Fawcett Columbine.

Harvard

Mandino O., . (1993). The Twelfth Angel. New York: Fawcett Columbine.

MLA

Mandino Og, . The Twelfth Angel. New York: Fawcett Columbine. 1993.

  • Place hold
  • Print
  • Cite
  • Add to your cart (remove)
  • Save record
    BIBTEX Dublin Core MARCXML MARC (non-Unicode/MARC-8) MARC (Unicode/UTF-8) MARC (Unicode/UTF-8, Standard) MODS (XML) RIS
  • More searches
    Search for this title in:
    Other Libraries (WorldCat) Other Databases (Google Scholar) Online Stores (Bookfinder.com) Open Library (openlibrary.org)

Exporting to Dublin Core...

SOUTHVILLE LIBRARY

Southville International School and Colleges Library

1281 Tropical Ave. Cor. Luxembourg St., BF Homes International, Las Pinas City

Tel. No. 8256374 / 252358 Loc. 117/146

Powered by Koha